| 000 | 00694nam a22002177a 4500 | ||
|---|---|---|---|
| 003 | OSt | ||
| 005 | 20251008014045.0 | ||
| 008 | 251008b |||||||| |||| 00| 0 eng d | ||
| 020 | _a978-0-230-00857-1 | ||
| 040 |
_aDWCL-Admin lib _cOC |
||
| 082 | _aCirc. 808.06661 G491w 2007 | ||
| 100 | _aGimenez, Julio | ||
| 245 |
_aWriting for nursing and midwifery students _cJulio Gimenez |
||
| 260 |
_aN.Y. : _bPalgrave Macmillar, _cc2007 |
||
| 300 |
_axiii, 207 p. : ill. ; _c22 cm. |
||
| 504 | _aincludes bibliographical references and index | ||
| 650 | _a1. Midwifery-Authorship | ||
| 650 | _a2. Nursing-Authorship | ||
| 650 | _a3. Writing-Nurses' instruction | ||
| 942 |
_2ddc _cBK-CIRC _kCirc. _n0 |
||
| 999 |
_c4694 _d4694 |
||